Statistics for Presidential Firsts

Click here to take the quiz!

General Stats

  • This quiz has been taken 32 times
  • The average score is 20 of 45

Answer Stats

First president to...President% Correct
WashingtonFirst U.S. PresidentGeorge Washington
84%
FordPardon another presidentGerald Ford
84%
L. JohnsonBe inaugurated on an airplaneLyndon Johnson
84%
ObamaBe born outside the 48 contiguous statesBarack Obama
80%
EisenhowerServe in WWIIDwight Eisenhower
72%
AdamsLive in the White HouseJohn Adams
64%
A. JohnsonBe impeached by the House of RepresentativesAndrew Johnson
60%
BuchananBe a bachelorJames Buchanan
56%
TrumpReach age 70 prior to his electionDonald Trump
52%
Quincy AdamsBe photographedJohn Quincy Adams
52%
TylerBecome president after the death of his predecessorJohn Tyler
52%
Van BurenBe a non-native English speakerMartin Van Buren
52%
T. RooseveltRide in an airplaneTheodore Roosevelt
52%
LincolnHave a beardAbraham Lincoln
48%
ClintonBe a Rhodes ScholarBill Clinton
48%
F. RooseveltAppear on televisionFranklin Roosevelt
48%
TaftServe on the Supreme Court of the United StatesWilliam Taft
48%
WilsonHave a PhDWoodrow Wilson
48%
HarrisonHave his voice recordedBenjamin Harrison
44%
W. BushHave an approval rating above 90% (modern polling)George W. Bush
44%
KennedyReceive a Purple HeartJohn Kennedy
44%
HardingBe born after the Civil WarWarren Harding
44%
Henry HarrisonDie in officeWilliam Henry Harrison
44%
ClevelandGet married in the White HouseGrover Cleveland
40%
TrumanServe in WWIHarry Truman
40%
GrantPublish his memoirsUlysses Grant
40%
McKinleyRide in an automobileWilliam McKinley
40%
PolkBe under the age of 50 upon entering officeJames Polk
36%
H. W. BushFormally pardon a turkeyGeorge H. W. Bush
32%
MonroeHave served in the SenateJames Monroe
32%
NixonVisit an NFL game while in officeRichard Nixon
32%
JeffersonBe inaugurated in Washington D.C.Thomas Jefferson
32%
JacksonMarry a divorced womanAndrew Jackson
28%
ArthurHave an elevator installed in the White HouseChester Arthur
28%
GarfieldBe left handedJames Garfield
28%
MadisonHave served in the House of RepresentativesJames Madison
28%
CarterBe born in a hospitalJimmy Carter
28%
FillmoreEstablish a permanent White House libraryMillard Fillmore
28%
HayesHold a thanksgiving dinnerRutherford Hayes
28%
TaylorUse the term "First Lady"Zachary Taylor
28%
CoolidgeAppear on a U.S. coin while alive and in officeCalvin Coolidge
24%
PierceHave a christmas tree in the White HouseFranklin Pierce
24%
HooverBe a quakerHerbert Hoover
24%
VABe from the Silent GenerationJoe Biden
24%
ReaganBecome the head of a unionRonald Reagan
20%

Score Distribution

Percentile by Number Answered

Percent of People with Each Score

Your Score History

You have not taken this quiz